[Event "ICS rated blitz match"]
[Site "204.178.125.65"]
[Date "1999.11.18"]
[Round "?"]
[White "Hossa"]
[Black "MissSilicon"]
[Result "0-1"]
[WhiteElo "2356"]
[BlackElo "2649"]
[PlyCount "160"]
[EventDate "1999.??.??"]

1. e4 c5 2. Nf3 e6 3. d4 cxd4 4. Nxd4 Nc6 5. Nc3 a6 6. Be2 Qc7 7. Be3 b5 8. O-O
Bb7 9. Nxc6 ({0.70 Hiarcs 7.32:} 9. a3 9... Nf6 10. Nxc6 Bxc6 11. Qd3 Bd6 12.
f4 12... O-O {0.43/7}) 9... Qxc6 10. Bf3 10... Rc8 {letzter Buchzug} 11. e5 Qc7
12. Bxb7 Qxb7 13. a3 ({0.38 Hiarcs 7.32:} 13. Qd3 13... f6 14. f4 Bb4 15. Ne2
15... Ne7 {0.70/7}) 13... Ne7 14. Qd2 Nf5 15. Bf4 Nh4 16. f3 Ng6 17. Rfd1 Bc5+
18. Kh1 Nxf4 19. Qxf4 O-O 20. Qd2 ({-0.22 Hiarcs 7.32:} 20. Ne4 20... Be7 21.
Qd2 Rfd8 22. c3 f5 23. Nd6 Bxd6 24. Qxd6 {0.30/7}) 20... Qc7 21. f4 Qb6 22. a4
({-0.89 Hiarcs 7.32:} 22. Qd3 22... Be3 23. Ne2 Rc4 24. a4 Bxf4 25. Nxf4 Rxf4
26. axb5 axb5 27. Qxd7 {0.17/7}) 22... Be3 23. Qe2 Bxf4 24. axb5 axb5 25. Rxd7
b4 26. Nb5 Rc5 27. Nd4 Rxe5 28. Qf3 Bg5 29. c4 Bf6 30. Rd1 Rc5 31. b3 e5 32.
Rb7 Qa5 33. Nc2 Rd8 34. Nxb4 ({-0.43 Hiarcs 7.32:} 34. h3 34... Rxd1+ 35. Qxd1
Qa8 36. Qd7 Qf8 37. Qg4 Qe8 38. Nxb4 {-0.17/7}) 34... e4 35. Qf1 Rxd1 36. Qxd1
Qa8 37. Rd7 Ra5 38. Nc2 Re5 39. b4 e3 40. Qe2 Qa2 41. b5 ({-2.45 Hiarcs 7.32:} 
41. Kg1 41... Kf8 42. g3 Re4 43. Rc7 43... Qb3 {0.09/6}) 41... Qxc2 42. Qxc2 e2
43. Qxe2 Rxe2 44. g3 Rb2 45. Rb7 h5 46. c5 h4 47. gxh4 Be5 48. c6 ({
-2.83 Hiarcs 7.32:} 48. h3 48... Rc2 49. c6 Bg3 50. Rd7 Bxh4 51. Kg1 {-2.00/7})
48... Rxh2+ 49. Kg1 Rc2 50. Re7 Rc5 51. Rb7 ({-2.71 Hiarcs 7.32:} 51. Rxe5
51... Rxe5 52. b6 52... Kh7 {2.74/8}) 51... f5 52. Kg2 Kh7 53. Rf7 Kg6 54. Re7
Bf6 55. Re8 Kf7 56. Ra8 Be5 57. Ra5 Kg6 58. Kf3 Kh5 59. Ra7 ({
-5.57 Hiarcs 7.32:} 59. Ke2 59... f4 60. Ra7 Kxh4 61. Ra5 61... g5 {-4.03/9})
59... Rxb5 60. Re7 Rc5 61. Re8 Bc7 62. Rh8+ Kg6 63. h5+ Kg5 64. h6 gxh6 65.
Rg8+ Kf6 66. Re8 Rc3+ 67. Ke2 Rxc6 68. Kf1 h5 69. Rc8 h4 70. Ke2 ({
-12.79 Hiarcs 7.32:} 70. Rh8 70... Kg5 71. Kg2 Rc3 72. Kh1 h3 73. Rg8+ Kf4 74.
Rg1 74... Rc2 {-8.57/10}) 70... h3 71. Rh8 ({-16.98 Hiarcs 7.32:} 71. Rf8+
71... Kg5 72. Rg8+ Rg6 73. Ra8 h2 74. Ra1 74... Kf6 {-12.79/10}) 71... h2 72.
Kd2 Kg5 73. Kd3 Rh6 74. Rg8+ ({-#12 Hiarcs 7.32:} 74. Rxh6 74... Kxh6 75. Kc4
h1=Q 76. Kd3 f4 77. Kd4 77... f3 {-27.07/9}) 74... Kf4 75. Kc3 ({
-31.98 Hiarcs 7.32:} 75. Rc8 75... h1=Q 76. Kc4 Qc6+ 77. Kb3 Qe6+ 78. Kc3 Qe3+
79. Kb4 79... Qb6+ {-#12/8}) 75... h1=Q 76. Kb2 ({-#6 Hiarcs 7.32:} 76. Rg6
76... Rxg6 77. Kd3 {-31.98/3}) 76... Rb6+ 77. Kc2 Qb1+ 78. Kd2 Qa2+ 79. Kd3
Rd6+ 80. Kc3 80... Ba5# {Hossa checkmated} 0-1

[Event "ICS rated blitz match"]
[Site "204.178.125.65"]
[Date "1999.11.18"]
[Round "?"]
[White "Grok"]
[Black "Hossa"]
[Result "1-0"]
[WhiteElo "2596"]
[BlackElo "2351"]
[PlyCount "163"]
[EventDate "1999.??.??"]

1. e4 c5 2. Nf3 e6 3. d4 cxd4 4. Nxd4 Nc6 5. Nc3 a6 6. g3 d5 7. Be2 Bb4 8. Nxc6
Bxc3+ 9. bxc3 bxc6 10. exd5 exd5 11. O-O Ne7 12. c4 O-O 13. cxd5 cxd5 14. Rb1
Qa5 15. Rb2 Bh3 16. Re1 Rfe8 17. Bd2 Qc5 18. Bb4 Qb6 19. Bf3 Nc6 20. a3 a5 21.
Bc3 Qc5 22. Rxe8+ Rxe8 23. Rb3 a4 24. Bb4 Nxb4 25. Rxb4 Qxc2 26. Rb1 Qxd1+ 27.
Rxd1 d4 28. Bc6 Rd8 29. Bxa4 Bg4 30. Rd2 Bf3 31. Bb5 g5 32. a4 Kg7 33. a5 Kf6
34. a6 Rb8 35. Bf1 Rb4 36. Ra2 h5 37. a7 Ba8 38. Ra1 d3 39. Bg2 d2 40. Bxa8 Ra4
41. Rd1 Rxa7 42. Bg2 Ra2 43. Kf1 h4 44. gxh4 gxh4 45. Ke2 Ra7 46. Rxd2 Ra1 47.
Rd4 Ra2+ 48. Kf3 Kg5 49. Rg4+ Kh5 50. Rf4 Ra7 51. Bf1 Kg5 52. Rg4+ Kh5 53. Rg8
f5 54. Bc4 Ra4 55. Be6 Kh6 56. Bxf5 Ra2 57. Ke3 Ra3+ 58. Bd3 Ra1 59. f4 Re1+
60. Kd2 Rh1 61. Rh8+ Kg7 62. Rxh4 Kf7 63. f5 Kf6 64. Rh7 Ke5 65. h4 Kd4 66. f6
Rh2+ 67. Be2 Rf2 68. f7 Rf4 69. Bh5 Rf2+ 70. Ke1 Rf4 71. Rh8 Re4+ 72. Be2 Rf4
73. f8=Q Rxf8 74. Rxf8 Ke5 75. h5 Kd6 76. h6 Kc6 77. h7 Kd6 78. h8=Q Kd5 79.
Rd8+ Ke6 80. Bg4+ Kf7 81. Rd7+ Kg6 82. Qg7# {Hossa checkmated} 1-0

[Event "ICS rated standard match"]
[Site "204.178.125.65"]
[Date "1999.11.18"]
[Round "?"]
[White "Grok"]
[Black "Hossa"]
[Result "1-0"]
[WhiteElo "2227"]
[BlackElo "2317"]
[PlyCount "117"]
[EventDate "1999.??.??"]

1. Nf3 d5 2. g3 c6 3. Bg2 Nf6 4. b3 Bf5 5. O-O e6 6. Bb2 Be7 7. d3 O-O 8. Nbd2
Nbd7 9. c4 Rc8 10. Nh4 Bg4 11. h3 Bh5 12. g4 Bg6 13. Ndf3 Qc7 14. g5 Nh5 15.
Nxg6 fxg6 16. e3 c5 17. Rc1 Qa5 18. Bc3 Qd8 19. h4 Qb6 20. Bh3 Qd6 21. b4 b6
22. cxd5 exd5 23. a3 a6 24. Bg4 Rc7 25. Kg2 c4 26. dxc4 Rxc4 27. Bxd7 Qxd7 28.
Ne5 Qe6 29. Nxc4 dxc4 30. f3 Rd8 31. Bd4 b5 32. Rg1 a5 33. bxa5 Bxa3 34. Rb1 b4
35. Rf1 Rd7 36. Qa4 Qd6 37. Rf2 Qg3+ 38. Kf1 Qh3+ 39. Kg1 Ng3 40. Rh2 Qe6 41.
a6 Rd8 42. a7 Qd5 43. Bb6 Ra8 44. e4 Qd6 45. Qb5 Kh8 46. Rc2 c3 47. e5 Qf8 48.
Bc5 Qd8 49. Bxb4 Bb2 50. Qc5 Rc8 51. Qa5 Qg8 52. Kh2 Nf5 53. Rbxb2 Ra8 54. Rxc3
Nxh4 55. Bd6 Nf5 56. Rb8 Ne7 57. Qc7 h6 58. Bxe7 Rxb8 59. axb8=Q {Hossa resigns
} 1-0

[Event "ICS rated standard match"]
[Site "204.178.125.65"]
[Date "1999.11.18"]
[Round "?"]
[White "Moron"]
[Black "Hossa"]
[Result "1-0"]
[WhiteElo "2597"]
[BlackElo "2297"]
[PlyCount "127"]
[EventDate "1999.??.??"]

1. e4 c5 2. Nf3 d6 3. d4 cxd4 4. Nxd4 Nf6 5. Nc3 g6 6. Be2 Bg7 7. Be3 Nc6 8.
O-O O-O 9. h3 Bd7 10. Qd2 Nxd4 11. Bxd4 Bc6 12. Bf3 Qd7 13. Rad1 Qe6 14. Rfe1
Qc4 15. b3 Qa6 16. Nd5 Bxd5 17. exd5 Rae8 18. Be2 Qa3 19. Bb5 e5 20. Bxe8 exd4
21. Bb5 Nxd5 22. Bd3 Nc3 23. Ra1 Qc5 24. a4 d5 25. a5 Bf6 26. a6 b5 27. Qf4 Qc6
28. f3 b4 29. Kh2 Qb6 30. Rac1 Qd8 31. Ra1 Qb6 32. Kh1 Qd8 33. Kg1 Bg7 34. Kf2
Bf6 35. Kf1 Bg7 36. Kg1 Bf6 37. Kh1 Bg7 38. Kh2 Bh8 39. g3 Bg7 40. Kh1 Qd7 41.
Kg2 Rc8 42. h4 Rf8 43. h5 Qd8 44. Rh1 Qe7 45. Rae1 Qd8 46. Qg4 f5 47. Qh3 g5
48. h6 Bh8 49. Bxf5 Bf6 50. Re6 Nb5 51. Bd3 Nd6 52. Re2 Kh8 53. Qe6 Nc8 54. Qf5
Rf7 55. Rhe1 Nd6 56. Qxd5 Rf8 57. Re6 g4 58. Rxd6 Qc8 59. Rd7 gxf3+ 60. Kf2
Qxd7 61. Qxd7 Be7 62. Rxe7 Kg8 63. Qd5+ Rf7 64. Re8# {Hossa checkmated} 1-0

[Event "ICS Rated standard match"]
[Site "204.178.125.65"]
[Date "1999.11.18"]
[Round "?"]
[White "Hossa"]
[Black "Moron"]
[Result "0-1"]
[WhiteElo "2292"]
[BlackElo "2602"]
[PlyCount "80"]
[EventDate "1999.??.??"]

1. Nf3 d5 2. g3 Nf6 3. Bg2 e6 4. O-O Be7 5. d3 O-O 6. Nc3 c5 7. e4 d4 8. Ne2
Nc6 9. Bd2 e5 10. Ne1 Bg4 11. f3 Bh5 12. f4 exf4 13. Bxf4 Qb6 14. Bc1 Bd6 15.
Rb1 Qa6 16. a3 Ne5 17. c4 dxc3 18. bxc3 Rad8 19. Qc2 Bg4 20. Nf4 Rfe8 21. Nd5
Nxd5 22. exd5 c4 23. d4 Nd3 24. Nf3 f6 25. Bb2 b5 26. Bc1 Nxc1 27. Rbxc1 Re3
28. Rce1 Rxe1 29. Nxe1 Qxa3 30. Be4 h6 31. Bg2 b4 32. Qg6 f5 33. Qe6+ Kh8 34.
cxb4 Qxb4 35. h3 Bd1 36. Nf3 Bxf3 37. Rxf3 c3 38. Qxf5 Rf8 39. Qc2 Qxd4+ 40.
Kh1 40... Rxf3 {Hossa resigns} 0-1

[Event "ICS Rated blitz match"]
[Site "204.178.125.65"]
[Date "1999.11.18"]
[Round "?"]
[White "Hossa"]
[Black "Zippy"]
[Result "1-0"]
[WhiteElo "2345"]
[BlackElo "2230"]
[PlyCount "55"]
[EventDate "1999.??.??"]

1. Nf3 g6 2. g3 Bg7 3. e4 d5 4. exd5 Qxd5 5. Nc3 Bxc3 6. bxc3 Nc6 7. d4 Nf6 8.
Bg2 Qa5 9. Bd2 Qa6 10. a4 Ne4 11. d5 Nd8 12. Ne5 Nxd2 13. Qxd2 Bf5 14. f4 O-O
15. g4 Bc8 16. h4 f6 17. Bf1 Qd6 18. Nc4 Qc5 19. h5 gxh5 20. Rxh5 Qg1 21. O-O-O
Bxg4 22. Be2 Qg3 23. Bxg4 Qxg4 24. Qh2 Kf7 25. Ne3 Qd7 26. Rxh7+ Kg8 27. Rg1+
Qg4 28. Rxg4# {Zippy checkmated} 1-0

[Event "ICS rated blitz match"]
[Site "204.178.125.65"]
[Date "1999.11.18"]
[Round "?"]
[White "Zippy"]
[Black "Hossa"]
[Result "0-1"]
[WhiteElo "2219"]
[BlackElo "2356"]
[PlyCount "134"]
[EventDate "1999.??.??"]

1. e4 c5 2. Nf3 d6 3. d4 cxd4 4. Nxd4 e5 5. Nb3 Nf6 6. Nc3 Be6 7. Bg5 Be7 8.
Bb5+ Nc6 9. O-O O-O 10. Bxf6 Bxf6 11. Nd5 Bh4 12. g3 Bg5 13. f4 exf4 14. gxf4
Bh4 15. f5 Bxd5 16. Qxd5 Nb4 17. Qc4 Qb6+ 18. Kh1 Nxc2 19. Qxc2 Qxb5 20. Rad1
Rfe8 21. Rf4 Rac8 22. Qg2 Bf6 23. Rg4 Qe5 24. Qf2 Rc4 25. Nd2 Ra4 26. Qe2 Rxa2
27. Nc4 Qb5 28. Qd3 Rc8 29. b3 Be5 30. Rg2 Rxg2 31. Kxg2 Re8 32. Qe3 Qc6 33.
Nxe5 Rxe5 34. Rc1 Rc5 35. Rxc5 Qxc5 36. Qxc5 dxc5 37. Kf3 f6 38. Kf4 Kf7 39.
Kf3 b5 40. Ke3 a5 41. Kd3 g5 42. Kd2 Ke7 43. Kd3 Kd6 44. Kd2 Ke5 45. Kd3 Kf4
46. e5 Kxe5 47. Kd2 Kxf5 48. Kd3 Kf4 49. Kc3 Kg4 50. Kd3 f5 51. Ke2 Kh3 52. Kd3
c4+ 53. bxc4 bxc4+ 54. Kd4 g4 55. Kxc4 Kg2 56. Kd4 Kxh2 57. Ke5 g3 58. Kd4 a4
59. Kc4 g2 60. Kb4 g1=Q 61. Kc3 Qc5+ 62. Kd3 Kg3 63. Kd2 Qd4+ 64. Kc2 Qc4+ 65.
Kd2 Kf3 66. Kd1 Ke3 67. Ke1 67... Qe2# {Zippy checkmated} 0-1

[Event "ICS rated standard match"]
[Site "204.178.125.65"]
[Date "1999.11.18"]
[Round "?"]
[White "Nicy"]
[Black "Hossa"]
[Result "1-0"]
[WhiteElo "2074"]
[BlackElo "2287"]
[PlyCount "133"]
[EventDate "1999.??.??"]

1. d4 d5 2. Nf3 Nf6 3. Bg5 Ne4 4. Bf4 c5 5. e3 Qb6 6. Qc1 cxd4 7. exd4 Bf5 8.
c3 Nc6 9. Nbd2 e6 10. Be2 Be7 11. O-O Rc8 12. Be3 O-O 13. Ne5 Nxe5 14. dxe5 d4
15. Bxd4 Qxd4 16. cxd4 Rxc1 17. Raxc1 Nxd2 18. Rfd1 Ne4 19. Rc7 Bh4 20. g3 Bd8
21. Rxb7 Bb6 22. f3 Rd8 23. fxe4 Bxe4 24. Rxb6 axb6 25. Kf2 Rc8 26. Ke3 Bd5 27.
a3 Rc2 28. Rd2 Rc1 29. Bd1 h6 30. Ke2 Bc4+ 31. Ke3 Bd5 32. Bf3 Bc4 33. Be4 Re1+
34. Kf3 Bb3 35. Bd3 Kh8 36. Bc2 Bd5+ 37. Kf2 Rh1 38. Ke3 Kg8 39. Kd3 Ra1 40.
Kc3 Re1 41. Kb4 Bc6 42. Ba4 Bxa4 43. Kxa4 Re3 44. Kb4 Kh7 45. a4 f6 46. exf6
gxf6 47. b3 Kg6 48. Kc4 Rf3 49. Rd3 Rxd3 50. Kxd3 Kf5 51. b4 h5 52. a5 bxa5 53.
bxa5 Kg4 54. a6 Kh3 55. a7 Kxh2 56. a8=Q Kxg3 57. Qc6 f5 58. Qxe6 f4 59. Qg6+
Kh4 60. Ke4 Kh3 61. Kf3 Kh4 62. d5 Kh3 63. d6 Kh4 64. d7 Kh3 65. d8=Q h4 66.
Qg4+ Kh2 67. Qg2# {Hossa checkmated} 1-0

[Event "ICS rated blitz match"]
[Site "204.178.125.65"]
[Date "1999.11.18"]
[Round "?"]
[White "Zippy"]
[Black "Hossa"]
[Result "1-0"]
[WhiteElo "2210"]
[BlackElo "2366"]
[PlyCount "127"]
[EventDate "1999.??.??"]

1. e4 c5 2. Nf3 d6 3. d4 cxd4 4. Nxd4 e5 5. Nb3 Nf6 6. Nc3 Be6 7. Bg5 Be7 8.
Qd2 Nbd7 9. O-O-O O-O 10. f3 a6 11. Kb1 b5 12. h4 b4 13. Nd5 Bxd5 14. exd5 a5
15. Bb5 a4 16. Na1 a3 17. b3 Nb6 18. Bxf6 Bxf6 19. Qxb4 Qc7 20. c4 Qe7 21. Nc2
Rfc8 22. h5 Qc7 23. h6 g6 24. Nxa3 Rd8 25. Bc6 Ra6 26. Rde1 Bg5 27. Nb5 Qb8 28.
g3 Nc8 29. f4 Bf6 30. Re4 Ne7 31. Rf1 Nxc6 32. dxc6 Rxc6 33. Rd1 Qa8 34. Qe1
Bh8 35. Qd2 Rc5 36. Re2 e4 37. Qe3 Rxb5 38. cxb5 d5 39. Qc5 d4 40. Qc6 f5 41.
Rc2 Qa7 42. Qe6+ Kf8 43. b6 Qe7 44. Qxe7+ Kxe7 45. Rc7+ Kd6 46. Rxh7 d3 47. b7
Rb8 48. Rf7 g5 49. fxg5 Ke6 50. g6 Be5 51. h7 e3 52. Rxd3 Bxg3 53. Rxe3+ Kd5
54. g7 f4 55. Rxg3 Re8 56. Rd3+ Kc5 57. b4+ Kc4 58. h8=Q Re1+ 59. Kc2 Re2+ 60.
Rd2 Rxd2+ 61. Kxd2 Kxb4 62. b8=Q+ Kc4 63. Rf5 f3 64. g8=Q# {Hossa checkmated}
1-0

[Event "ICS rated blitz match"]
[Site "204.178.125.65"]
[Date "1999.11.18"]
[Round "?"]
[White "Hossa"]
[Black "Zippy"]
[Result "0-1"]
[WhiteElo "2343"]
[BlackElo "2233"]
[PlyCount "130"]
[EventDate "1999.??.??"]

1. e4 g6 2. d4 Bg7 3. Bc4 c5 4. dxc5 Qa5+ 5. c3 Qxc5 6. Qb3 e6 7. Be3 Qa5 8.
Bb5 a6 9. Bd3 Nc6 10. Nf3 d6 11. Nbd2 Nf6 12. Nc4 Qc7 13. Qa3 Bf8 14. Nb6 Rb8
15. Qb3 Ng4 16. Bd4 Rg8 17. Nxc8 Rxc8 18. Bb6 Qd7 19. O-O Nce5 20. Rad1 Nxf3+
21. gxf3 Ne5 22. Be2 Bh6 23. Qb4 Bf4 24. c4 Qe7 25. Be3 Nc6 26. Qb3 Bxe3 27.
Qxe3 h5 28. Qd2 Rd8 29. Rfe1 Qf6 30. a3 e5 31. Qd5 Rd7 32. Kh1 Nd4 33. Kg1 h4
34. Rd3 Ne6 35. Qa5 Nf4 36. Bf1 Nxd3 37. Bxd3 Qxf3 38. Qd5 h3 39. Bf1 Qg4+ 40.
Kh1 Qf4 41. Kg1 Qg5+ 42. Kh1 Qh4 43. Kg1 Rh8 44. Re3 Qg5+ 45. Kh1 Qf4 46. Kg1
g5 47. b4 g4 48. Rd3 Rh6 49. Rd2 Rc7 50. c5 Rc6 51. Be2 Kf8 52. Bd1 dxc5 53.
bxc5 Rhf6 54. Qd8+ Kg7 55. Qd5 Rxc5 56. Qd3 Rc1 57. Qe2 Rfc6 58. Rd7 R6c4 59.
Rd8 Rxe4 60. Qf1 Rd4 61. Rxd4 Qxd4 62. Be2 Qe4 63. Bd1 Rxd1 64. f3 Qd4+ 65. Kh1
65... Rxf1# {Hossa checkmated} 0-1

[Event "ICS rated blitz match"]
[Site "204.178.125.65"]
[Date "1999.11.18"]
[Round "?"]
[White "Hossa"]
[Black "Zippy"]
[Result "1/2-1/2"]
[WhiteElo "2322"]
[BlackElo "2214"]
[PlyCount "173"]
[EventDate "1999.??.??"]

1. e4 e5 2. Nf3 Nf6 3. Nxe5 d6 4. Nxf7 Kxf7 5. d4 g6 6. Bc4+ d5 7. exd5 Qe7+ 8.
Be3 Qb4+ 9. Nd2 Bd6 10. Qc1 b5 11. a3 Qa5 12. Ba2 Ng4 13. b4 Qa6 14. Ne4 Bf5
15. Nxd6+ Qxd6 16. Bf4 Re8+ 17. Kf1 Qb6 18. d6+ Kg7 19. h3 Nf6 20. dxc7 Nc6 21.
c3 Kh8 22. Bh2 Rac8 23. Qh6 Nxd4 24. cxd4 Qxd4 25. Rc1 Bd3+ 26. Kg1 Re2 27. Bg3
Nh5 28. Kh2 Nxg3 29. fxg3 Rxa2 30. Rhg1 a6 31. Kh1 Qe5 32. Qh4 Qd6 33. Rgd1 Rf2
34. Qg4 Rf5 35. Rd2 h5 36. Qd1 Rd5 37. Rc5 Rxc5 38. Rxd3 Qxc7 39. bxc5 Qxc5 40.
Qa1+ Kg8 41. Qf6 Qf5 42. Rd6 Qxf6 43. Rxf6 Kg7 44. Rxa6 Rc3 45. Kh2 g5 46. Ra5
Rb3 47. Ra7+ Kf6 48. Ra6+ Kf5 49. Ra8 Ke5 50. Re8+ Kf6 51. Rf8+ Kg6 52. Rf3 Rb2
53. Rc3 Ra2 54. Rb3 g4 55. h4 Ra1 56. Re3 Kf5 57. Rd3 Re1 58. Rd5+ Re5 59. Rd6
Rc5 60. Rh6 Ke4 61. Rg6 Kd4 62. Rg7 Kc4 63. Ra7 Kb3 64. Ra5 Kc4 65. Kg1 Kd4 66.
Ra7 Rc3 67. Kh2 Re3 68. Rh7 Re5 69. Rd7+ Kc4 70. Ra7 Rd5 71. Ra8 Re5 72. Ra5
Rc5 73. Kh1 Rd5 74. Kg1 Rd1+ 75. Kh2 Rd5 76. Ra7 Kb3 77. Ra5 Kc4 78. Ra6 Kb3
79. Ra8 Rc5 80. Kg1 Rc1+ 81. Kf2 Rc2+ 82. Kf1 Rc1+ 83. Ke2 Rc2+ 84. Kf1 Rc1+
85. Ke2 Rc2+ 86. Kf1 Rc1+ 87. Kf2 {Game drawn by repetition} 1/2-1/2

[Event "ICS rated bullet match"]
[Site "204.178.125.65"]
[Date "1999.11.18"]
[Round "?"]
[White "JSBach"]
[Black "Hossa"]
[Result "0-1"]
[WhiteElo "2072"]
[BlackElo "2451"]
[PlyCount "60"]
[EventDate "1999.??.??"]

1. d4 e6 2. Bf4 d5 3. Nf3 Bd6 4. Bg5 Nf6 5. Nc3 h6 6. Bd2 Ne4 7. Nxe4 dxe4 8.
Ne5 Nd7 9. Nc4 Be7 10. e3 O-O 11. Qg4 Nf6 12. Qg3 c5 13. Qe5 b5 14. Ba5 Qd7 15.
Na3 Bd6 16. Bxb5 Qe7 17. Bc6 Rb8 18. O-O Bxe5 19. dxe5 Ng4 20. Bc3 Ba6 21. Rfd1
Qh4 22. h3 Qxf2+ 23. Kh1 Nxe3 24. Rd2 Qf4 25. Rd7 Bf1 26. Rd2 Rb6 27. Bd7 Qg3
28. Kg1 Bxg2 29. Bxe6 Bf3+ 30. Rg2 30... Qxg2# {JSBach checkmated} 0-1

[Event "ICS rated standard match"]
[Site "204.178.125.65"]
[Date "1999.11.18"]
[Round "?"]
[White "Hossa"]
[Black "Moron"]
[Result "0-1"]
[WhiteElo "2257"]
[BlackElo "2618"]
[PlyCount "98"]
[EventDate "1999.??.??"]

1. e4 c5 2. Nf3 d6 3. d4 cxd4 4. Nxd4 Nf6 5. Nc3 a6 6. Bd3 Nc6 7. Nf3 e6 8. O-O
Be7 9. Re1 O-O 10. Bg5 b6 11. Qe2 Bb7 12. e5 dxe5 13. Nxe5 Nxe5 14. Qxe5 h6 15.
Bf4 Bc5 16. Qe2 Qd4 17. Be3 Qd6 18. Rad1 Qc6 19. Qf1 Bxe3 20. fxe3 b5 21. a3
Rad8 22. Qf2 Ng4 23. Qg3 f5 24. Re2 Qc5 25. Ree1 Qe5 26. Qh3 Bc6 27. Re2 a5 28.
Rf1 b4 29. axb4 axb4 30. Nd1 Bb7 31. Qh4 Qc5 32. Kh1 Kh8 33. Rfe1 Ne5 34. Nf2
Ra8 35. Rd2 Qd5 36. e4 Qd4 37. Red1 Qxb2 38. exf5 exf5 39. Qe7 Bc6 40. Be2 Qc3
41. Bh5 f4 42. Rd6 f3 43. g4 Rg8 44. Kg1 Ba4 45. Re6 Bxc2 46. Rf1 Ra5 47. h4
Qc4 48. Be8 Qf4 49. Kh1 49... Qg3 {Hossa resigns} 0-1

[Event "ICS rated blitz match"]
[Site "204.178.125.65"]
[Date "1999.11.18"]
[Round "?"]
[White "PackMaster"]
[Black "Hossa"]
[Result "1/2-1/2"]
[WhiteElo "2563"]
[BlackElo "2317"]
[PlyCount "270"]
[EventDate "1999.??.??"]

1. d4 e6 2. c4 Nf6 3. Nf3 d5 4. Nc3 Nbd7 5. Bg5 h6 6. Bh4 g5 7. Bg3 Bb4 8. Qb3
c5 9. dxc5 Qa5 10. c6 bxc6 11. cxd5 Nc5 12. Qc2 cxd5 13. Be5 Ncd7 14. Bd4 Bd6
15. Bxf6 Nxf6 16. e3 O-O 17. Bd3 e5 18. Nd2 Qc7 19. Rc1 Rb8 20. Nb5 Qxc2 21.
Rxc2 Ba6 22. Nxd6 Bxd3 23. Rc3 Bg6 24. b3 Rfd8 25. Rc6 Kf8 26. a4 a5 27. f3 Ke7
28. Nb5 Bd3 29. Na7 Ra8 30. Rc7+ Kf8 31. Rc3 Bf5 32. Nc6 Rac8 33. O-O Rc7 34.
Nxd8 Rxc3 35. Nb7 Rxe3 36. Nxa5 Re2 37. Rf2 Re1+ 38. Rf1 Rxf1+ 39. Kxf1 d4 40.
Nac4 Nd7 41. a5 Ke7 42. a6 Be6 43. b4 f5 44. b5 e4 45. fxe4 fxe4 46. a7 Bd5 47.
Ke1 g4 48. b6 Ke6 49. Nb3 Ba8 50. Ke2 Kd5 51. Nba5 Nc5 52. Na3 g3 53. hxg3 Nb7
54. N5c4 Kc5 55. Kd2 Nd8 56. g4 e3+ 57. Kc2 Bxg2 58. Kd1 Bd5 59. Ke2 Ne6 60.
Ke1 Nf4 61. Kf1 Bf3 62. Ne5 Bg2+ 63. Kg1 Kxb6 64. Nc2 e2 65. Kf2 Kxa7 66. Nxd4
Bf1 67. Nc2 Kb7 68. Ne3 Bh3 69. Ke1 Kb6 70. Nf7 Kc5 71. Nxh6 Kd4 72. Nef5+ Kd3
73. Nh4 Kc3 74. Nf3 Bf1 75. Kf2 Nd3+ 76. Kg3 Kb2 77. g5 Ne5 78. Ne1 Kc1 79. g6
Nxg6 80. Ng4 Kd1 81. Kf2 Bh3 82. Ne3+ Kd2 83. Nf3+ Kd3 84. Ne1+ Ke4 85. Kxe2
Bd7 86. N1c2 Bb5+ 87. Kd2 Nh4 88. Nd1 Nf3+ 89. Kc1 Ke5 90. Nb4 Kd4 91. Nf2 Kc4
92. Nc2 Kb3 93. Ne3 Bc6 94. Nd3 Ka4 95. Nc5+ Kb5 96. Ne6 Be4 97. Nf8 Nd4 98.
Nd7 Kc6 99. Nf6 Bf3 100. Kb2 Kc5 101. Nd7+ Kd6 102. Nb6 Be4 103. Kc3 Ne2+ 104.
Kd2 Nf4 105. Ng4 Ke6 106. Nc8 Bb7 107. Na7 Bg2 108. Ne3 Be4 109. Nd1 Ke5 110.
Nf2 Bf5 111. Nc6+ Kd6 112. Nd4 Bg6 113. Ke3 Nd5+ 114. Kf3 Nc3 115. Kg2 Kd5 116.
Nb3 Bc2 117. Na5 Ne2 118. Nb7 Bf5 119. Nd8 Nd4 120. Nf7 Bg6 121. Nh8 Bh5 122.
Nd3 Ne6 123. Nb4+ Kd6 124. Kg3 Nd4 125. Nd3 Ne2+ 126. Kh2 Be8 127. Nb4 Nf4 128.
Nc2 Ke5 129. Nb4 Ke4 130. Na6 Ne6 131. Kg3 Ke3 132. Kh4 Kf3 133. Nb8 Nf4 134.
Kg5 Ke4 135. Na6 135... Bc6 {Game drawn by the 50 move rule} 1/2-1/2

[Event "ICS rated blitz match"]
[Site "204.178.125.65"]
[Date "1999.11.18"]
[Round "?"]
[White "Hossa"]
[Black "PackMaster"]
[Result "0-1"]
[WhiteElo "2327"]
[BlackElo "2553"]
[Annotator "Hiarcs 7.32 (11s)"]
[PlyCount "72"]
[EventDate "1999.??.??"]

1. e4 1... e5 {Opening = 7.... a6} 2. Nf3 d6 3. Bc4 Be7 4. d4 exd4 5. Nxd4 Nf6
6. Nc3 O-O 7. O-O a6 8. f3 $146 {Kontrolliert g4} (8. a4 c5 (8... Nxe4 9. Nxe4
d5 10. Bd3 dxe4 11. Bxe4 Nd7 12. c3 Nc5 13. Bc2 Ne6 14. Nf5 Bg5 15. Qg4 Bxc1
16. Raxc1 Qf6 17. Rcd1 g6 18. Qg3 Kh8 19. Ne3 Nf4 20. Kh1 Be6 21. Qf3 c6 22.
Rd4 Nd5 23. Qxf6+ {Grosar,A-David,A/Debrecen 1992/EU-chT/1-0 (66)}) 9. Nde2 Nc6
(9... Be6 10. Bxe6 fxe6 11. Nf4 Qd7 12. Qd3 Nc6 13. Be3 Nb4 14. Qe2 d5 15. exd5
exd5 16. Nb1 d4 17. Bd2 Nfd5 18. Nxd5 Nxd5 19. Na3 Rae8 20. Qc4 Kh8 21. Rae1
Nb6 22. Qe6 Qxe6 23. Rxe6 Bd8 24. Rxe8 {
Merant,N-Storm,H/WchJM-U18 Duisburg 1992/TD 92\06/1-0 (53)}) 10. Nf4 Ne5 11.
Be2 {1/2-1/2 Dobos,J-Karsa,L/HUN-chT 1993/TD 93\08 (11)}) (8. a3 Nbd7 9. Nf5
Ne5 10. Nxe7+ Qxe7 11. Bb3 Be6 12. Bxe6 fxe6 13. Bg5 h6 14. Nd5 exd5 15. Bxf6
Rxf6 16. Qxd5+ Kh8 17. Qxb7 Raf8 18. Qxa6 Rg6 19. f4 Nd7 20. Qe2 Re6 21. Rae1
Re8 22. Qg4 22... Nf6 {Morgenroth,K-Jaeger,A/Hofheim ST 1995/GER 11/0-1 (36)})
8... c5 {Schwarz erhaelt starke Initiative} 9. Nf5 Bxf5 10. exf5 Nc6 11. Nd5
$15 (11. Be3 $5 $11) 11... b5 12. Nxf6+ Bxf6 13. Bd5 {
Nicht von der Hand zu weisen} 13... Rc8 14. c3 {Deckt b4+d4} 14... b4 {
Schwarz erobert Raum} 15. c4 15... Bd4+ {Der Laeufer ist hier stark postiert}
16. Kh1 Re8 17. a3 Qf6 18. Qa4 Ne7 19. Bb7 Rb8 20. axb4 $2 $19 (20. g4 $5 $142
{und Weiss spielt mit} 20... bxa3 21. Rxa3 Bxb2 22. Rb3 Bxc1 23. Rxc1 $15)
20... Nxf5 $1 {die Entscheidung} 21. Bf4 $2 (21. g4 $142 21... Re2 22. Bf4 $19)
21... g5 22. g4 (22. Be4 {holt die Kuh nicht vom Eis} 22... gxf4 23. Bxf5 Qxf5
24. bxc5 dxc5 25. Qxa6 25... Qg5 $19) 22... gxf4 {Mit der Mattdrohung Ng3} 23.
gxf5 (23. Be4 {ist der letzte Strohhalm} 23... Ne3 24. Rfe1 $19) 23... Re2 $1 {
huebsch. Droht Matt: Rxh2} 24. Rg1+ Bxg1 25. Rxg1+ 25... Kh8 $1 {
die Entscheidung. Es droht Matt} 26. Qa3 26... cxb4 $1 {macht alles klar} 27.
Qxb4 Rxb2 (27... Qh4 $5 {damit wuerde Schwarz es sich noch erleichtern} 28.
Qc3+ f6 29. Rg2 $19) 28. Qa3 (28. Qe1 {ist der letzte Rettungsanker} 28...
R2xb7 29. c5 $19) 28... R8xb7 {Droht Matt: Qh4} 29. Qa1 Qxf5 (29... Qc3 $142 {
liesse Weiss keine Chance} 30. Qf1 Rb1 31. Qe2 $19) 30. Qd1 30... Rxh2+ $1 {
die Pointe} 31. Kxh2 Qh5+ 32. Kg2 Rb2+ 33. Kf1 Qh3+ 34. Ke1 Qh4+ 35. Rg3 Qxg3+
36. Kf1 Qf2# 0-1

[Event "ICS rated standard match"]
[Site "204.178.125.65"]
[Date "1999.11.18"]
[Round "?"]
[White "Moron"]
[Black "Hossa"]
[Result "1-0"]
[WhiteElo "2622"]
[BlackElo "2253"]
[PlyCount "77"]
[EventDate "1999.??.??"]

1. e4 e5 2. Nf3 d6 3. d4 exd4 4. Nxd4 Nf6 5. Nc3 Be7 6. Be2 O-O 7. O-O Re8 8.
f4 d5 9. e5 Ne4 10. Nxe4 dxe4 11. Be3 Bc5 12. Bf2 f6 13. Nb5 Bxf2+ 14. Rxf2
Qxd1+ 15. Rxd1 Na6 16. Nc3 e3 17. Rf3 Bf5 18. Rxe3 Bxc2 19. Bc4+ Kh8 20. Rc1
Bg6 21. g4 f5 22. gxf5 Bxf5 23. Bxa6 bxa6 24. Nd5 Rac8 25. Rec3 Rcd8 26. Nxc7
Rg8 27. e6 g5 28. e7 gxf4+ 29. Kf2 Rd2+ 30. Ke1 Rd4 31. Rc4 Rxc4 32. Rxc4 Bd7
33. Rd4 Bc6 34. Rd6 Rg7 35. Nd5 Be8 36. Rd8 Rg8 37. Nf6 Rg5 38. Rxe8+ Kg7 39.
Ng8 {Hossa resigns} 1-0